Marketing vo vybraných komerčných bankách

Pokračovanie príspevku z predchádzajúceho čísla. Vzťahy s verejnosťou (public relations). Podpora predaja . Distribúcia v banke.

Na minha lista:
Detalhes bibliográficos
Autor principal: Grešová, Petra
Formato: Capítulo de Livro
Idioma:eslovaco
Assuntos:
Tags: Adicionar Tag
Sem tags, seja o primeiro a adicionar uma tag!

MARC

LEADER 00000nla$a2200000$$$4500
001 0077049
005 20231121082214.3
041 0 |a slo 
044 |a SK 
245 1 0 |a Marketing vo vybraných komerčných bankách  |c Petra Grešová 
520 |a Pokračovanie príspevku z predchádzajúceho čísla. Vzťahy s verejnosťou (public relations). Podpora predaja . Distribúcia v banke. 
610 2 0 |a banky obchodné 
610 2 0 |a komunikácia marketingová 
610 2 0 |a marketing 
610 2 0 |a bankovníctvo elektronické 
610 2 0 |a podpora predaja 
610 2 0 |a distribúcia 
610 2 0 |a služby bankové 
610 2 0 |a mienka verejná 
610 2 0 |a stratégia marketingová 
100 1 |a Grešová, Petra